Logo BPK

Bibliografia Prac Pracowników

Politechniki Koszalińskiej

Zastosowanie zeolitów do oczyszczania ścieków komunalnych / (Rekord nr 8973)

Szczegóły MARC
000 -ETYKIETA REKORDU
podpole kontrolne o stałej długości 00846naa a2200193 i 4500
001 - NUMER KONTROLNY REKORDU
podpole kontrolne 8973
003 - IDENTYFIKATOR NUMERU KONTROLNEGO REKORDU
podpole kontrolne KOSZ 005
005 - DATA OSTATNIEJ MODYFIKACJI REKORDU
podpole kontrolne 20180427130241.0
008 - POLE O STAŁEJ DŁUGOŚCI - DANE KONTROLNE
podpole kontrolne o stałej długości 180313s2000 pl a f |100 0 pol
040 ## - ŹRÓDŁO KATALOGOWANIA
Instytucja, która utworzyła rekord KOSZ 005
Instytucja, która sporządziła opis KOSZ 005
Instytucja, która dokonała modyfikacji KOSZ 005/HR
080 ## - UNIWERSALNA KLASYFIKACJA DZIESIĘTNA - UKD
UKD 628.3
100 1# - NAZWA OSOBOWA
Nazwa osobowa PIASKOWSKI, Krzysztof.
Lata pracy 1998 - .
Instytucja Politechnika Koszalińska - Wydział Budownictwa i Inżynierii Środowiska,
Wydział Katedra Technologii Wody i Ścieków
245 10 - TYTUŁ/ODPOWIEDZIALNOŚĆ
Tytuł Zastosowanie zeolitów do oczyszczania ścieków komunalnych /
Pozostałe elementy strefy tytułu i oznaczenia odpowiedzialności Krzysztof Piaskowski.
650 #0 - HASŁO PRZEDMIOTOWE W FORMIE NAZWY OGÓLNEJ LUB JEDNOSTKOWEJ
Nazwa ogólna lub geograficzna Oczyszczalnia ścieków.
655 #0 - TERMIN INDEKSOWY - OKREŚLENIE RODZAJU/FORMY DOKUMENTU
Określnie rodzaju/formy dokumentu Materiały konferencyjne.
711 22 - HASŁO DODATKOWE - NAZWA IMPREZY
Nazwa imprezy Forum Zeolitowe
Oznaczenie części/sekcji dzieła (7 ;
Data imprezy 2000 ;
Miejsce imprezy Kołobrzeg, Polska)
773 0# - TYTUŁ DOKUMENTU MACIERZYSTEGO
Wyrażenie wprowadzające W :
Tytuł VII Forum Zeolitowe "Zeolity - synteza, adsorpcja, kataliza", Kołobrzeg, 1-4 października 2000 r. -
Adres wydawniczy Kołobrzeg, 2001. -
942 ## - HASŁO DODATKOWE - ELEMENTY(KOHA)
Typ dokumentu Artykuł
Schemat klasyfikacji Uniwersalna klasyfikacja dziesiętna

Brak dostępnych egzemplarzy.

© 2014 Biblioteka Politechniki Koszalińskiej :: BIBLIOGRAFIA PRAC PRACOWNIKÓW